| 000 | 01004nac a22001811u 4500 | ||
|---|---|---|---|
| 008 | 101215s xxu||||| |||| 00| 0 ara d | ||
| 082 |
_a614.19 _bش ا ف |
||
| 100 | 1 |
_aشافعى ، محمد زكى _921519 |
|
| 245 |
_aدليل الطب الشرعى : _bدائرة معارف في الطب الاجتماعي والجنائي والصناعى والغارات الجوية واصاباتها / _cمحمد زكى شافعى ، لبيب شحاته |
||
| 250 | _aط 2. | ||
| 260 |
_a[القاهرة] : _bالجمعية المصرية للاصلاحات والدعاية الصحية ،[193?] _c[193?] |
||
| 300 |
_a487: _bايض ؛ _c24 سم. |
||
| 504 | _aيشتمل على ببليوجرافية ص 487 | ||
| 650 |
_aالطب الشرعي _921520 |
||
| 700 |
_aشحاته ، لبيب _921522 |
||
| 942 |
_cBB _k614.19 ش ا ف _2ddc |
||
| 999 |
_c6780 _d6780 |
||